MARC

LEADER 00000nam0a2200000 4500
001 247705
005 20231101232324.0
035 |a (RuTPU)RU\TPU\book\269287 
035 |a RU\TPU\book\249732 
090 |a 247705 
100 |a 20140113d1981 k y0rusy50 ca 
101 0 |a rus 
102 |a RU 
105 |a a z 001zy 
200 1 |a Результаты региональных геолого-геофизических исследований Сибири  |e сборник научных трудов  |f Сибирский научно-исследовательский институт геологии, геофизики и минерального сырья (СНИИГГиМС) ; под ред. В. С. Суркова 
210 |a Новосибирск  |c Изд-во СНИИГГиМС  |d 1981 
215 |a 130 с.  |c ил. 
225 1 |a Сборник научных трудов СНИИГГиМС  |v Вып. 291 
320 |a Библиогр. в конце статей 
606 1 |a Геология  |y Сибирь  |2 stltpush  |3 (RuTPU)RU\TPU\subj\68833  |9 83954 
606 1 |a Геофизика  |2 stltpush  |3 (RuTPU)RU\TPU\subj\38590  |9 59017 
610 1 |a геолого-геофизические исследования 
610 1 |a Западно-Сибирская плита 
610 1 |a тектоника 
610 1 |a нефтегазоносность 
610 1 |a Сибирская платформа 
610 1 |a сейсморазведочные работы 
675 |a 55(571.1/.5)  |v 3 
675 |a 550.3  |v 3 
702 1 |a Сурков  |b В. С.  |4 340 
712 0 2 |a Сибирский научно-исследовательский институт геологии, геофизики и минерального сырья (СНИИГГиМС)  |c (Новосибирск)  |2 stltpush  |3 (RuTPU)RU\TPU\col\322 
801 1 |a RU  |b 63413507  |c 20121227 
801 2 |a RU  |b 63413507  |c 20161021  |g RCR 
942 |c BK